000 00816naa a22002417u 4500
001 17585
003 HDC
007 cr bn ---aaaaa
008 210224t201107 xx 000 0 eng
040 _aHDC
100 _aRuzanna Muhammad,
_eauthor
_916299
245 0 _aPigs in your meds /
_cby Ruzanna Muhammad
260 _a[No place] :
_b[publisher not identified],
_c[no year]
336 _atext
_2rdacontent
337 _acomputer
_2rdamedia
338 _aonline resource
_2rdacarrier
650 _aIslamic ethics
_9277
650 _aMedicine
_xReligious aspects
_xIslam
_91483
856 _zRequest full-text at [email protected]
942 _2lcc
942 _cEIJ
942 _kEMAG 000612
999 _c14901
_d14901